000 00713nam a2200253 4500
001 46295
010 _a9789898032225
021 _b268684/07
090 _a46295
100 _a20140311d2013 m y0pory50030103ba
101 1 _apor
102 _aPT
200 1 _aMarés altas
_fNora Roberts
_gtrad. Ana Beatriz Manso
_grev. Idalina Morgado
205 _a1.ª ed.
210 _aParede
_cChá das Cinco,
_d2008
215 _a269, [2] p.
_cil.
_d23 cm
225 2 _aA saga da baía de Chesapeake
304 _aTít. orig.: Rising Tides
675 _a821.111(73)-31"19/20"
_vBN
_zpor
700 1 _aRoberts,
_bNora,
702 1 _aMorgado,
_bIdalina
_4675
702 1 _aManso,
_bAna Beatriz
_4730
801 0 _aPT
_bBN
_gRPC
990 _cLIVROS